Overwatch Multiple Choice Quiz: Community Edition - Statistics

General Stats
  • This quiz has been taken 35 times
  • The average score is 6 of 10
Answer Stats
Question Answer % Correct
If someone in Overwatch says: "Peter, the horse is here". What hero are they talking about? Orisa
91%
Which hero in Overwatch 2 people say should get nerfed as a joke? Genji
88%
Which word did Aaron Keller yell during the Spotlight event? Subsequently becoming a meme within the community Perks
69%
Supertf released a video with a questionable thumbnail that caused drama, what did that thumbnail include? 9/11 imagery
59%
The quote "If you go for the king, you better go for the head" is associated with a famous clip of which overwatch creator? Flats
59%
What is the Yatagarasu Kiriko skin more infamously known as? The Grippers Skin
59%
Which Streamer Mode name is based on a story of a redditor who falsely claimed to get banned for saying the word below? GarlicBread
53%
Which tank hero was infamously called "a tempo tank" by the developers before their launch? Despite not fully representing that playstyle Ramattra
53%
Which content creator screamed at the presence of glass in Colosseo and was very happy once it was removed? Spilo
50%
Complete the famous quote: "No aim, no brain, _________________" I am a Winston main
34%
No matching quizzes found
Score Distribution
Percent of People with Each Score
Percentile by Number Answered
Your Score History
You have not taken this quiz